| 000 | 00384nam a22001577a 4500 | ||
|---|---|---|---|
| 003 | OSt | ||
| 008 | 210223b ||||| |||| 00| 0 eng d | ||
| 020 | _a9788129118110 | ||
| 100 | _aO'BRIEN, Terry | ||
| 245 | _aLittle Red Book of Idioms and Phrases | ||
| 250 | _a11th | ||
| 260 |
_aNew Delhi _bRupa Publication _c2021 |
||
| 300 | _a244 | ||
| 650 | _aGeneral Books | ||
| 942 |
_2ddc _cBK |
||
| 999 |
_c10494 _d10494 |
||